000 00646nam a2200193 4500
003 OSt
005 20221111185931.0
008 221111b |||||||| |||| 00| 0 eng d
040 _cBiblioteca Lado V
082 _a750
_bF356v
100 _9406
_aFeria, Elohim
_ecurador
245 _aVivre Paris/
260 _aParis
_bAtelier Municipal des Musees de la Ville de Paris
_c1999
300 _a126p.
_c19x25cm
650 _2Tesauro de Arte & Arquitectura
_aEXPOSICION
650 _2Tesauro de Arte & Arquitectura
_aARCHIVOS LATINOAMERICANOS
650 _2Tesauro de Arte & Arquitectura
_aARTE
942 _2ddc
_c1
_h750
_iF356v
_n0
999 _c2615
_d2615